La Barbade pour les touristes... - Facile - Statistiques

Statistiques générales
  • Ce quiz a été pris 3 fois
  • Le résultat moyen est 15 sur 20
Statistiques - réponses
Question Indice Réponses Indice facile % Correct
Combien d'heures (environ) mettrez-vous pour vous y rendre ? (en chiffres) 13
100%
Dans la capitale quel est le décalage horaire avec Paris ? (+ ou - et chiffre) ex - 10 - 6
100%
La vitesse est limitée hors des villes à {80} km/h
100%
Quelle est la langue officielle ? Anglais
100%
Le principal aéroport est B Bridgetown
100%
Achats à faire 3/ Sucre de Canne NANCE
100%
La conduite se fait à droite ou à gauche ? Gauche
100%
Achats à faire 4/ Boisson locale Mauby BAUMY
100%
Avez-vous besoin d'un visa ? (oui/non) Non
100%
La religion majoritaire est Protestantisme P
100%
Achats à faire 1/ Alcool Rhum MURH
100%
Quel est le climat local ? T Tropical
100%
Le suffixe internet est bb
50%
Quelle est la monnaie ? Dollar barbadien $
50%
Quelles sont les principaux lieux touristiques ? H Holetown THOLEWON
50%
Quelles sont les principaux lieux touristiques ? S J Saint-James JAINTMESS
50%
Quelles sont les principaux lieux touristiques ? S P Saint Peter PETERTAINS
50%
Achats à faire 2/ Confiture de Saurel LAURES
50%
Quelles sont les principaux lieux touristiques ? B Bathsheba HEBASTHAB
0%
Quelles sont les principaux lieux touristiques ? O Oistins TINSOIS
0%
Aucun quiz correspondant
Distribution des résultats
% des personnes avec chaque résultat
Percentile par nombre de réponses
Votre historique - résultats
Vous n’avez pas pris ce quiz